000 00727nam a2200217 a 4500
001 BRCA_3810
005 20190320204432.0
008 271109s2000----si-a######---#000-0#eng-#
020 _a0890900914
041 _aeng
044 _asi
050 4 _aN576.H7
_b.L36 2000
100 1 _aLanday, Janet
_99928
245 1 0 _aThe Museum of Fine Arts, Houston
_bVisitor Guide
_cJanet Landay.
260 _aSingapur
_bThe Museum of Fine Arts
_c2000
300 _a543 p.
_bil. (algunas a color)
_c22 cm.
500 _aIncluye apéndice de ilustraciones e índice analítico
650 1 4 _aMuseo de artes decorativas
_vGuías
_zHouston, Texas (Estados Unidos)
_99929
650 1 4 _aArte
_vGuías
_zTexas (Estados Unidos)
_99930
942 _2lcc
_cB
999 _c3539
_d3539